Statistics for 100 Biggest "A" Cities in the United States

Click here to take the quiz!

General Stats

  • This quiz has been taken 291 times
  • The average score is 29 of 100

Answer Stats

Rank Population State City % Correct
1931,830TexasAustin
99%
3463,878GeorgiaAtlanta
98%
2559,121New MexicoAlbuquerque
92%
7298,695AlaskaAnchorage
89%
6350,742CaliforniaAnaheim
82%
5359,407ColoradoAurora
77%
1998,469New YorkAlbany
75%
4388,125TexasArlington
73%
10197,542OhioAkron
73%
16117,070MichiganAnn Arbor
68%
11197,182GeorgiaAugusta
68%
13122,604GeorgiaAthens
65%
9198,645TexasAmarillo
64%
12153,511VirginiaAlexandria
63%
2098,143TexasAllen
61%
15120,207PennsylvaniaAllentown
55%
4639,474MarylandAnnapolis
49%
14121,721TexasAbilene
49%
2188,512North CarolinaAsheville
42%
2577,006WashingtonAuburn
37%
17115,368ColoradoArvada
35%
18110,542CaliforniaAntioch
32%
2874,139WisconsinAppleton
32%
3555,305IndianaAnderson
30%
6128,102South DakotaAberdeen
29%
3065,060IowaAmes
27%
7522,544OhioAvon
26%
9219,246TexasAlamo
24%
4345,344PennsylvaniaAltoona
24%
4739,260New JerseyAtlantic City
22%
2478,630CaliforniaAlameda
21%
2380,684ArizonaAvondale
19%
2972,174CaliforniaApple Valley
18%
8121,108KentuckyAshland
18%
5332,213MinnesotaAndover
15%
2285,551CaliforniaAlhambra
15%
2675,926IllinoisArlington Heights
14%
7622,347AlabamaAnniston
11%
3163,693GeorgiaAlpharetta
11%
3456,764IowaAnkeny
10%
6825,176OklahomaArdmore
10%
5430,753New MexicoAlamogordo
10%
9019,408TexasAlice
8%
3358,408CaliforniaArcadia
8%
5037,208IllinoisAddison
8%
6427,003IllinoisAlton
8%
5530,604South CarolinaAiken
8%
7921,462AlabamaAlbertville
7%
8520,691MichiganAdrian
7%
4838,074ArizonaApache Junction
7%
4245,585North CarolinaApex
7%
4048,382FloridaApopka
7%
9918,008New YorkAmsterdam
6%
4444,282MassachusettsAttleboro
5%
9718,371OhioAshtabula
5%
3949,690CaliforniaAzusa
5%
6626,103North CarolinaAsheboro
5%
6725,791TexasAlvin
5%
4543,159FloridaAltamonte Springs
4%
6227,425MichiganAllen Park
4%
8021,357MissouriArnold
4%
8320,876CaliforniaArvin
3%
10017,843CaliforniaArcata
3%
5232,707AlabamaAlabaster
3%
7422,672MichiganAuburn Hills
3%
9119,346IllinoisAlsip
2%
5829,237CaliforniaAtwater
2%
7223,453OhioAvon Lake
2%
6028,326UtahAmerican Fork
2%
5133,166CaliforniaAdelanto
2%
4937,649FloridaAventura
1%
9818,108CaliforniaArroyo Grande
1%
9518,854ConnecticutAnsonia
1%
9319,214OklahomaAltus
1%
3850,195CaliforniaAliso Viejo
1%
5729,819CaliforniaAtascadero
1%
5630,571IllinoisAlgonquin
1%
7722,131GeorgiaAcworth
1%
8620,554CaliforniaAmerican Canyon
1%
8220,915CaliforniaAgoura Hills
1%
7822,055OhioAlliance
1%
5928,839MassachusettsAgawam Town
0%
8919,429TexasAngleton
0%

Score Distribution

Percentile by Number Answered

Percent of People with Each Score

Your Score History

You have not taken this quiz